Đồi gió hú Tiểu thuyết

সংরক্ষণ করুন:
গ্রন্থ-পঞ্জীর বিবরন
প্রধান লেখক: Bronti Emily
বিন্যাস: গ্রন্থ
ভাষা:Vietnamese
প্রকাশিত: H. Văn học 2001
বিষয়গুলি:
Anh
ট্যাগগুলো: ট্যাগ যুক্ত করুন
কোনো ট্যাগ নেই, প্রথমজন হিসাবে ট্যাগ করুন!
Thư viện lưu trữ: Mạng thư viện Đại học Đà Nẵng
LEADER 00997nam a2200325 4500
001 000004972
003 1114
005 20120508080528.0
008 110805s2001 viesd
020 |c 42000đ 
041 0 |a vie 
082 |a 823  |b BR-E 
100 0 |a Bronti Emily 
245 0 |a Đồi gió hú  |b Tiểu thuyết  |c Bronti Emily 
260 |a H.  |b Văn học  |c 2001 
300 |a 443 tr  |c 19 cm 
653 |a Văn học hiện đại 
653 |a Tiểu thuyết 
653 |a Anh 
910 |a Nguyễn Thị Kim Oanh  |d 05/ 08/ 2011 
OWN |a LSP 
AVA |a UDN50  |b LSP  |d 823 BR-E  |e available  |t Error 5001 Not defined in file expand_doc_bib_avail.  |f 3  |g 0  |h N  |i 0  |k 1 
999 |a From the UDN01 
AVA |a UDN50  |b LSP  |d 823 BR-E  |e available  |t Error 5001 Not defined in file expand_doc_bib_avail.  |f 3  |g 0  |h N  |i 0  |k 1 
TYP |a Monograph 
TYP |a Printed language 
980 |a Mạng thư viện Đại học Đà Nẵng